000 00425pab a2200181 454500
008 180718b2012 xxu||||| |||| 00| 0 eng d
100 _aSaxena, N.C.
245 _aLand acquisition for infrastructure and industry
260 _c2012
300 _ap.8-11.
362 _aAug
650 _aInfrastructure development
650 _aIndustry
650 _aLand tenure
773 _aYojana
908 _aN
909 _a97420
999 _c97420
_d97420